Koordinacija raboty različnych vidov transporta.

Uložené v:
Podrobná bibliografia
Médium: Kniha
Jazyk:Slovak
Vydané: 1964.
Tagy: Pridať tag
Žiadne tagy, Buďte prvý kto otaguje tento záznam!

MARC

LEADER 00000nam a22000004a 4500
001 000516640
005 20160803142957.0
008 160803s1964 xo e 000 0 slo d
040 |a SVKKK  |b slo  |c SVKKK  |e AACR2 
245 1 0 |a Koordinacija raboty različnych vidov transporta. 
260 |c 1964. 
500 |a Záznam revízie 
910 |a svkkk 
998 |a BK 
090 |g SCKHL  |k Sklad  |a X0.4686  |j 020244  |i 516640-10  |4 Zastaraná  |s Vyradená